000 00859nam a2200241 a 4500
001 000012281
005 20240530073913.0
008 091110s1996 dr 000 f spa d
020 _a8484002349
040 _aDO-SdBNP
_bspa
_cBNPHU
082 _aRD863.44
_bD671m
100 1 _aDomínguez, Francisca Otilia,
_d1923-
_924943
245 1 0 _aMamá la tierra /
_cFrancisca Otilia Domínguez; prólogo Tony Raful.
260 _aSanto Domingo :
_bTaller,
_c1996.
300 _a155 p. ;
_c22 cm.
500 _aIncluye referencias bibliográficas y notas al pie de las páginas
500 _aIncluye datos biográficos de la autor en la contracubierta
590 _aInventariado, 2019/VM
650 0 _aNovela dominicana
_9223
650 0 _aLiteratura dominicana.
_967
700 1 2 _aRaful, Tony,
_d1951-
_epról.
_91377
910 _aValidado. Control de calidad MFF
999 _c11939
_d11939